000 00406nam a2200145Ia 4500
008 100204s9999 xx 000 0 und d
082 _b13578
100 _aभोपे मधुरंजन
245 _aआवर्त
260 _b"सदानंद प्रकाशन , पुणे"
_c1984
300 _a218
630 _aआवर्त
730 _aआवर्त
942 _cBOOK
999 _c458010
_d458007